| 000 | 00504nam a22001817a 4500 | ||
|---|---|---|---|
| 003 | OSt | ||
| 005 | 20180116183018.0 | ||
| 008 | 151027b xxu||||| |||| 00| 0 eng d | ||
| 040 | _c0 | ||
| 082 | _a658.4038 LAR 2012 | ||
| 100 | _aBrian Larson | ||
| 245 |
_aDelivering Business Intelligence _bwith Microsoft SQL Server 2012 _cBrian Larson |
||
| 260 |
_aIndia _bMc Graw Hill _c2012 |
||
| 300 |
_a813 p. _bPB |
||
| 440 | _aDelivering Business Intelligence | ||
| 600 | _aBrian Larson | ||
| 942 |
_2ddc _cBK |
||
| 999 |
_c350488 _d350488 |
||